Arquitectos residentes o avecinados en Madrid (Record no. 151120)

MARC details
000 -LEADER
campo de control de longitud fija 00711nam a2200217 i 4500
001 - NÚMERO DE CONTROL
campo de control 151120
003 - IDENTIFICADOR DE NÚMERO DE CONTROL
campo de control ES-MaACL
005 - FECHA Y HORA DE LA ÚLTIMA TRANSACCIÓN
campo de control 20250902113854.0
007 - CAMPO FIJO DE DESCRIPCIÓN FÍSICA--INFORMACIÓN GENERAL
campo de control de longitud fija t|
008 - DATOS DE LONGITUD FIJA--INFORMACIÓN GENERAL
campo de control de longitud fija 071211s1870 sp ||||1| spa d
080 ## - NÚMERO DE LA CLASIFICACIÓN DECIMAL UNIVERSAL
Número de la Clasificación Decimal Universal 72.0071.1(460)(058.7)
245 00 - MENCIÓN DEL TÍTULO
Título Arquitectos residentes o avecinados en Madrid
Resto del título : lista publicada por la Sociedad Central, año 1870.
260 ## - PUBLICACIÓN, DISTRIBUCIÓN, ETC.
Lugar de publicación, distribución, etc. Madrid :
Nombre del editor, distribuidor, etc. [s.n.],
Fecha de publicación, distribución, etc. 1870 (
Fabricante Imp. de José M. Ducazcal)
300 ## - DESCRIPCIÓN FÍSICA
Extensión 16 p. ;
Dimensiones 19 cm.
650 #4 - PUNTO DE ACCESO ADICIONAL DE MATERIA--TÉRMINO DE MATERIA
Término de materia o nombre geográfico como elemento de entrada Arquitectos-
Subdivisión geográfica Madrid-
Subdivisión de forma Directorios.
9 (RLIN) 155957
710 2# - ENTRADA AGREGADA--NOMBRE DE ENTIDAD CORPORATIVA
Nombre de entidad corporativa o nombre de jurisdicción como elemento de entrada Sociedad Central de Arquitectos
9 (RLIN) 134871
852 ## - LOCALIZACIÓN
Ubicación ES-MaACL
Número de control de estantería T-106-F-12
852 ## - LOCALIZACIÓN
Ubicación ES-MaACL
Número de control de estantería T-158-F-4
852 ## - LOCALIZACIÓN
Ubicación ES-MaACL
Número de control de estantería T-113-F-6
Holdings
Estatus retirado Estado de pérdida Estado de daño No para préstamo Colección Biblioteca de origen Biblioteca actual Ubicación en estantería Fecha de adquisición Fuente de adquisición Total de préstamos Signatura topográfica completa Código de barras Visto por última vez Precio de reemplazo Tipo de ítem Koha
        Colección de folletos Biblioteca del Ateneo de Madrid Biblioteca del Ateneo de Madrid Depósito folletos 30/04/2019     T-113-F-6 1200447 23/02/2023 23/02/2023 Folleto
        Colección de folletos Biblioteca del Ateneo de Madrid Biblioteca del Ateneo de Madrid Depósito folletos 30/04/2019     T-158-F-4 1200446 23/02/2023 23/02/2023 Folleto
        Colección de folletos Biblioteca del Ateneo de Madrid Biblioteca del Ateneo de Madrid Depósito folletos 17/01/2008     T-106-F-12 1157691 23/02/2023 23/02/2023 Folleto